Data mining with decision trees (Record no. 15032)
[ view plain ]
| 000 -LEADER | |
|---|---|
| fixed length control field | 01359nam a2200337Ia 4500 |
| 100 1# - MAIN ENTRY--AUTHOR NAME | |
| Personal name | Rokach, Lior. |
| 245 10 - TITLE STATEMENT | |
| Title | Data mining with decision trees |
| 260 ## - PUBLICATION, DISTRIBUTION, ETC. (IMPRINT) | |
| Place of publication | Singapore : |
| Name of publisher | World Scientific, |
| Year of publication | c2008. |
| 300 ## - PHYSICAL DESCRIPTION | |
| Number of Pages | xviii, 244 p. : |
| Other physical details | ill. |
| 490 1# - SERIES STATEMENT | |
| Series statement | Series in machine perception and artificial intelligence ; |
| 650 #0 - SUBJECT ADDED ENTRY--TOPICAL TERM | |
| Topical Term | Data mining. |
| Topical Term | Decision trees. |
| 700 1# - ADDED ENTRY--PERSONAL NAME | |
| Personal name | Maimon, Oded Z. |
| 856 40 - ELECTRONIC LOCATION AND ACCESS | |
| Uniform Resource Identifier | http://site.ebrary.com/lib/rucke/Doc?id=10255816 |
No items available.
